La República Argentina y los instrumentos jurídicos internacionales sobre derechos humanos : una compilación /

Guardado en:
Formato: Libro
Idioma:Spanish
Publicado: Buenos Aires : Ministerio de Justicia y Derechos Humanos de la Nación, 2006
Materias:
Etiquetas: Agregar Etiqueta
Sin Etiquetas, Sea el primero en etiquetar este registro!
LEADER 00516nam a22001215a 4500
001 DER.der013211
008 180615s2006####ag#||||||||||||||#||spa||
005 20250606155204.0
245 1 0 |a La República Argentina y los instrumentos jurídicos internacionales sobre derechos humanos :  |b una compilación /  |c Ministerio de Justicia y Derechos Humanos. 
260 |a Buenos Aires :  |b Ministerio de Justicia y Derechos Humanos de la Nación,  |c 2006 
300 |a 575 p. 
650 7 |a DERECHOS HUMANOS 
859 |a DERECHO  |b BIB. DERECHO  |h 323  |i MIN  |p 008127